| 000 | 00772nam a22002177a 4500 | ||
|---|---|---|---|
| 008 | 081212t xxu||||| |||| 00| 0 eng d | ||
| 010 | _aENG-92162 | ||
| 020 |
_c75.00 _a9788190733816 |
||
| 035 | _aEN-75695 | ||
| 037 | _bDBAD / PUB | ||
| 040 |
_adpl _bEnglish |
||
| 082 | _a579 | ||
| 100 | _aDurga Devi, G. | ||
| 245 |
_aEssentials of microbiology / _cby G. Durga Devi |
||
| 260 |
_aChennai _bSams Publishers _c2008 |
||
| 270 |
_aFlat No. 10, Annapoorna Flats, No. 3/4, 17th Street, Nanganallur, _bChennai _e600061 |
||
| 300 |
_a104, A.3p. _c20cm (pbk) |
||
| 650 | _aMicrobiology. | ||
| 942 |
_2ddc _cEN _mDUR _h579 |
||
| 999 |
_c19770 _d19770 |
||